Tinaparice by Maria's food stall : an enterprise development project / (Record no. 4833)

MARC details
000 -LEADER
fixed length control field 01335nam a22003137a 4500
003 - CONTROL NUMBER IDENTIFIER
control field OSt
005 - DATE AND TIME OF LATEST TRANSACTION
control field 20260309021844.0
008 - FIXED-LENGTH DATA ELEMENTS--GENERAL INFORMATION
fixed length control field 260308b |||||||| |||| 00| 0 eng d
040 ## - CATALOGING SOURCE
Original cataloging agency CvSU-CCAT Campus Library.
Language of cataloging English.
Transcribing agency CvSU-CCAT Campus Library.
Description conventions rda.
050 ## - LIBRARY OF CONGRESS CALL NUMBER
Classification number UM HD 62.7
Item number L55 2024
100 ## - MAIN ENTRY--PERSONAL NAME
Personal name Llimit, Dianne Jane A., author.
9 (RLIN) 19063
245 ## - TITLE STATEMENT
Title Tinaparice by Maria's food stall : an enterprise development project /
Statement of responsibility, etc. Dianne Jane A. Llimit, Joshua Mae L. Oma, Cherry Ann B. Vargas.
260 ## - PUBLICATION, DISTRIBUTION, ETC.
Place of publication, distribution, etc. Rosario, Cavite :
Name of publisher, distributor, etc. Cavite State University-CCAT Campus,
Date of publication, distribution, etc. 2024
300 ## - PHYSICAL DESCRIPTION
Extent xiv, 64 leaves :
Other physical details illustrations ;
Dimensions 28 cm
500 ## - GENERAL NOTE
General note Enterprise Development Project (BSBA)--Cavite State University-CCAT Campus, 2024.
504 ## - BIBLIOGRAPHY, ETC. NOTE
Bibliography, etc. note Includes bibliographical references.
546 ## - LANGUAGE NOTE
Language note In English text.
650 ## - SUBJECT ADDED ENTRY--TOPICAL TERM
Topical term or geographic name entry element Small business -- Management
9 (RLIN) 8827
650 ## - SUBJECT ADDED ENTRY--TOPICAL TERM
Topical term or geographic name entry element Entrepreneurship
9 (RLIN) 136
650 ## - SUBJECT ADDED ENTRY--TOPICAL TERM
Topical term or geographic name entry element Partnership
9 (RLIN) 9015
650 ## - SUBJECT ADDED ENTRY--TOPICAL TERM
Topical term or geographic name entry element Food industry and trade
9 (RLIN) 95
650 ## - SUBJECT ADDED ENTRY--TOPICAL TERM
Topical term or geographic name entry element Social media marketing
9 (RLIN) 19064
700 ## - ADDED ENTRY--PERSONAL NAME
Personal name Oma, Joshua Mae L., author.
9 (RLIN) 19065
700 ## - ADDED ENTRY--PERSONAL NAME
Personal name Vargas, Cherry Ann B., author.
9 (RLIN) 19066
700 ## - ADDED ENTRY--PERSONAL NAME
Personal name Perez, Richard P., adviser.
9 (RLIN) 6637
700 ## - ADDED ENTRY--PERSONAL NAME
Personal name Ambas, Arman M., technical critic
9 (RLIN) 6668
942 ## - ADDED ENTRY ELEMENTS (KOHA)
Source of classification or shelving scheme Library of Congress Classification
Koha item type Thesis/Manuscripts/Dissertations
Classification part HD 62.7 L55 2024
Call number prefix UM
Holdings
Withdrawn status Lost status Source of classification or shelving scheme Damaged status Not for loan Collection code Home library Current library Shelving location Date acquired Coded location qualifier Total Checkouts Full call number Barcode Date last seen Copy number Price effective from Koha item type
    Library of Congress Classification     Thesis/Manuscript/Dissertation Cavite State University - CCAT Campus Cavite State University - CCAT Campus TH 01/20/2026 UM   UM HD 62.7 L55 2024 T0005654 03/08/2026 1 03/09/2026 Thesis/Manuscripts/Dissertations